[Event "Revelionul Mileniului rapid"]
[Site "Revelionul"]
[Date "2000.??.??"]
[Round "?"]
[White "Minca, Paul"]
[Black "Popa, Marian"]
[Result "0-1"]
[WhiteElo "1605"]
[BlackElo "1795"]
[PlyCount "118"]
[EventDate "2000.??.??"]
[EventType "swiss"]
[EventRounds "7"]
[EventCountry "ROU"]
[SourceTitle "EXT 2004"]
[Source "ChessBase"]
[SourceDate "2003.11.25"]
[SourceVersion "1"]
[SourceVersionDate "2003.11.25"]
[SourceQuality "1"]

1. d4 Nf6 2. Nf3 e6 3. c4 Bb4+ 4. Bd2 Qe7 5. a3 Bxd2+ 6. Nbxd2 c5 7. e3 b6 8. Bd3 Bb7 9. 0-0 d6 10. Qc2 Nbd7 11. Rfe1 e5 12. d5 0-0 13. g3 Rfe8 14. e4 Nf8 15. Nh4 Bc8 16. Nf1 Ng6 17. Nxg6 fxg6 18. Ne3 Ng4 19. f3 Nxe3 20. Rxe3 Rf8 21. Bf1 Bd7 22. a4 a5 23. Bg2 g5 24. Rf1 Rab8 25. Re2 Qe8 26. b3 Qe7 27. Qd2 Rf7 28. f4 gxf4 29. gxf4 Rbf8 30. Ref2 exf4 31. Rxf4 Qe5 32. Rxf7 Rxf7 33. Rxf7 Kxf7 34. Qf2+ Qf6 35. h3 Qxf2+ 36. Kxf2 Kf6 37. Ke3 Ke5 38. Bf1 g5 39. Bg2 Be8 40. Bf3 Bg6 41. Bg2 Bh5 42. Bf3 Bxf3 43. Kxf3 h5 44. Ke3 g4 45. h4 g3 46. Kf3 g2 47. Kxg2 Kxe4 48. Kg3 Ke3 49. Kh3 Kf3 50. Kh2 Kg4 51. Kg2 Kxh4 52. Kf3 Kg5 53. Kg3 h4+ 54. Kf3 Kf5 55. Kg2 Kg4 56. Kf2 h3 57. Kg1 Kg3 58. Kh1 h2 59. b4 axb4 0-1